[Event "4th Tallinn it"]
[Site "Tallinn URS"]
[Date "1975.02.20"]
[Round "4"]
[White "Espig, Lutz"]
[Black "Hernandez Onna, Roman"]
[Result "1-0"]
[WhiteElo "2490"]
[BlackElo "2395"]
[EventDate "1975.02.16"]
[PlyCount "82"]

1.Nf3 c5 2.c4 g6 3.d4 Bg7 4.e4 cxd4 5.Nxd4 Nc6 6.Be3 Nf6 7.Nc3 Ng4 8.Qxg4 
Nxd4 9.Qd1 Ne6 10.Rc1 b6 11.Bd3 Bb7 12.O-O O-O 13.Bb1 Rc8 14.b3 d6 15.f4 
Nc5 16.f5 a6 17.Nd5 Nd7 18.Qd2 Bxd5 19.exd5 Nf6 20.Bd4 b5 21.Bd3 Ng4 22.
Be2 Bh6 23.Qc3 Nf6 24.Rce1 Bg7 25.Qb2 Rb8 26.Bd3 Ne8 27.Re3 Bxd4 28.Qxd4 
Nf6 29.Rfe1 Re8 30.Qh4 bxc4 31.Bxc4 Qa5 32.Rxe7 Rxe7 33.Rxe7 Qc3 34.h3 Kg7
35.Kh2 Nh5 36.Be2 Rb4 37.Bc4 a5 38.fxg6 hxg6 39.Qf2 Nf6 40.Qa7 Kh6 41.Rxf7
Qe5+ 1-0

[Event "4th Tallinn it"]
[Site "Tallinn URS"]
[Date "1975.03.03"]
[Round "11"]
[White "Taimanov, Mark"]
[Black "Rantanen, Yrjo"]
[Result "1/2-1/2"]
[WhiteElo "2580"]
[BlackElo "2410"]
[EventDate "1975.02.16"]
[PlyCount "92"]

1.d4 d5 2.c4 e6 3.Nf3 Nf6 4.Nc3 Be7 5.Bg5 O-O 6.e3 h6 7.Bxf6 Bxf6 8.Qd2 c6
9.Bd3 Nd7 10.cxd5 exd5 11.O-O Be7 12.Rab1 a5 13.a3 Bd6 14.b4 Qe7 15.Ne2 
Nf6 16.bxa5 Ne4 17.Qe1 Bg4 18.Ne5 Bxe5 19.dxe5 Qxa3 20.Bxe4 dxe4 21.Rxb7 
Rxa5 22.Nd4 Rxe5 23.Nxc6 Rc5 24.Nd4 Rfc8 25.Rb1 Qa6 26.Qb4 Qf6 27.Qb7 Bh5 
28.Rb6 Qg5 29.Qxe4 Bg6 30.Qb7 Bd3 31.Nc6 Re8 32.Qd7 Rxe3 33.h4 Qf6 34.Rd1 
Rc2 35.Qd8+ Qxd8 36.Nxd8 Be2 37.fxe3 Bxd1 38.Rb8 f6 39.Ne6+ Kf7 40.Nf4 Rc7
41.h5 Bc2 42.Rb4 g5 43.hxg6+ Bxg6 44.Rb6 Be4 45.Nh5 Rc1+ 46.Kh2 Rc2 
1/2-1/2

[Event "4th Tallinn it"]
[Site "Tallinn URS"]
[Date "1975.03.04"]
[Round "12"]
[White "Karner, Hillar"]
[Black "Lombardy, William James"]
[Result "0-1"]
[WhiteElo "2395"]
[BlackElo "2515"]
[EventDate "1975.02.16"]
[PlyCount "72"]

1.g3 d5 2.Bg2 Nf6 3.d3 e6 4.Nf3 b6 5.O-O Bb7 6.c4 Be7 7.Qa4+ Qd7 8.Qc2 O-O
9.Nc3 d4 10.Ne4 Nxe4 11.dxe4 c5 12.e5 Nc6 13.a3 a5 14.Bg5 h6 15.Bxe7 Qxe7 
16.Qe4 Rfd8 17.Ne1 a4 18.Rc1 Na5 19.Qd3 Rab8 20.f4 Ba6 21.Rf2 b5 22.cxb5 
Bxb5 23.Qb1 c4 24.Nc2 Nb3 25.Rd1 d3 26.Nb4 Qc5 27.exd3 cxd3 28.Be4 d2 29.
Kg2 Rd4 30.Bf3 Rbd8 31.Nc2 Bd3 32.Nxd4 Rxd4 33.Qa2 Qc2 34.Kh3 Bf5+ 35.Kh4 
g5+ 36.Kh5 Bh3 0-1

[Event "4th Tallinn it"]
[Site "Tallinn URS"]
[Date "1975.03.07"]
[Round "14"]
[White "Olafsson, Fridrik"]
[Black "Bronstein, David"]
[Result "1/2-1/2"]
[WhiteElo "2535"]
[BlackElo "2590"]
[EventDate "1975.02.16"]
[PlyCount "39"]

1.Nf3 Nf6 2.c4 e6 3.d4 d5 4.Nc3 Bb4 5.cxd5 exd5 6.Bg5 Qd6 7.Bxf6 Qxf6 8.
Rc1 O-O 9.a3 Bxc3+ 10.Rxc3 c6 11.e3 a5 12.Be2 Nd7 13.O-O Qe7 14.Qc2 Nf6 
15.Nd2 Bg4 16.Bxg4 Nxg4 17.h3 Nf6 18.Rb1 Ne8 19.Nb3 Nd6 20.Nc5 1/2-1/2